Internacionalizácia európskych malých a stredných podnikov bakalárska práca

Enregistré dans:
Détails bibliographiques
Auteur principal: Mižáková, Vladislava
Collectivité auteur: Obchodná fakulta EU. Katedra medzinárodného obchodu
Autres auteurs: Škorvagová, Simona
Format: Livre
Langue:slovaque
Publié: Bratislava 2015
Tags: Ajouter un tag
Pas de tags, Soyez le premier à ajouter un tag!

MARC

LEADER 00000nbm a2200000 4500
001 0203339
005 20161212110318.1
041 0 |a slo 
044 |a SK 
245 1 0 |a Internacionalizácia európskych malých a stredných podnikov  |b bakalárska práca  |c Vladislava Mižáková ; školiteľ: Simona Škorvagová 
264 1 |a Bratislava  |c 2015 
300 |a 43 s. 
100 1 |a Mižáková, Vladislava 
700 1 |a Škorvagová, Simona 
710 2 |a Obchodná fakulta EU. Katedra medzinárodného obchodu